| 000 | 02742nam0a2200385 4500 | ||
|---|---|---|---|
| 001 | RU\NLR\BIBL_A\016236011 | ||
| 005 | 20230208114904.0 | ||
| 010 |
_a978-5-6047278-3-6 _9130 |
||
| 021 |
_aRU _bКН-П-22-082039 _9КН-П-22-7211 |
||
| 035 | _a(NLR Aleph) 016236011 | ||
| 035 | _a(RuMoRGB)011389715 | ||
| 090 |
_a12782250 _c12782250 |
||
| 100 | _a20221212d2022 k y0rusy50 ca | ||
| 101 | 0 |
_arus _deng |
|
| 102 | _aRU | ||
| 105 | _ay|||z|||100zy | ||
| 200 | 1 |
_aХристианство и педагогика: история и современность _eматериалы VI международной научно-практической конференции _fРусская православная церковь, Пензенская епархия, Пензенская духовная семинария _gпод общей редакцией протоиерея В. Ершова, канд. богословия |
|
| 210 |
_aПенза _cПензенская духовная семинария _d2022 |
||
| 215 |
_a137 с. _d20 |
||
| 300 | _aРез. англ. | ||
| 320 | _aБиблиогр. в конце ст. | ||
| 330 | _aВ сборнике представлены материалы VI Международной научно-практической конференции "Христианство и педагогика: история и современность". В работах ученых и богословов нашли осмысление проблемы христианской антропологии, истории христианской педагогики, места христианского воспитания в современном мире, взаимодействия Церкви и социума, православного образования в России и другие | ||
| 606 | 1 |
_aПедагогика и христианство _jСъезды, совещания и т.п _92315521 _3RU\NLR\AUTH\661385542 |
|
| 675 |
_a[27 _v4 |
||
| 675 |
_a37.0](082) _v4 |
||
| 686 | 1 |
_aЧ30в2 _bЭя431 |
|
| 686 | 1 | _aЭ37-117.33я431 | |
| 702 | 1 |
_aЕршов _bВ. К. _gВадим Калинович _4340 |
|
| 711 | 1 | 2 |
_a"Христианство и педагогика: история и современность", международная научно-практическая конференция _d6 _eПенза _f2022 _9826088 _3RU\NLR\AUTH\880580227 |
| 712 | 0 | 2 |
_4475 _aПензенская духовная семинария _9351537 _3RU\NLR\AUTH\889927959 |
| 942 | _cBOOK | ||
| 980 | _aNB | ||